| 000 | 01419nam a22003977a 4500 | ||
|---|---|---|---|
| 003 | CHAP | ||
| 005 | 20220329140843.0 | ||
| 008 | 971013s1995 r 00010 d | ||
| 010 | _a58669 | ||
| 011 | _a59641 | ||
| 035 | _a63801 | ||
| 040 | _cCHAP | ||
| 090 | _aTesis | ||
| 100 | 0 | 0 |
_aRosas Raya, Jorge Ulises. _9100041 |
| 245 | _aAnálisis comparativo de los métodos de prospección geofísica utilizando el software Resix V.3.0. | ||
| 260 |
_aChapingo, Méx. : _bEl autor, _c1995 |
||
| 300 |
_a64 h. _b: anexos |
||
| 502 | _aTesis (Ing. Agr. Esp. en Irrigación) -- UACH. Departamento de Irrigación | ||
| 590 |
_aALEPH _b10 _c20130110 _lUCH01 _h1337 |
||
| 590 |
_aBATCH-UPD _b10 _c20130109 _lUCH01 _h2348 |
||
| 590 |
_aBATCH-UPD _b10 _c20130110 _lUCH01 _h0400 |
||
| 590 |
_aBATCH-UPD _b10 _c20130110 _lUCH01 _h2001 |
||
| 590 |
_aBATCH-UPD _b10 _c20130409 _lUCH01 _h1919 |
||
| 590 |
_aBATCH-UPD _b10 _c20130410 _lUCH01 _h0828 |
||
| 590 |
_aBATCH-UPD _b10 _c20130914 _lUCH01 _h0306 |
||
| 590 |
_aCONVERSION _b10 _c20130109 _lUCH01 _h1331 |
||
| 650 | 1 | 4 |
_aAgua subterranea. _92456 |
| 650 | 1 | 4 |
_aAgua _xAbastecimiento. _92223 |
| 650 | 1 | 4 |
_aGeofísica. _947534 |
| 650 | 1 | 4 |
_aHidrogeología. _955236 |
| 650 | 1 | 4 |
_aProcesamiento automático de datos en hidrología. _991786 |
| 901 | _aBK | ||
| 942 | _cFOLL | ||
| 949 |
_bBC _cTES _d-137682 _eTS1 _h28624 _i63801 _si |
||
| 949 |
_bBC _cTES _d33724000077681 _eTS2 _fc.2 _h28625 _i63801 _si |
||
| 999 |
_c58669 _d58669 |
||